Lippincott nursing drug guide / (Record no. 19176)

MARC details
000 -LEADER
fixed length control field 00852nam a22002537a 4500
005 - DATE AND TIME OF LATEST TRANSACTION
control field 20151111095951.0
008 - FIXED-LENGTH DATA ELEMENTS--GENERAL INFORMATION
fixed length control field 150408t2015 pauao frbf 001 0 eng d
020 ## - INTERNATIONAL STANDARD BOOK NUMBER
International Standard Book Number 9781469839370
020 ## - INTERNATIONAL STANDARD BOOK NUMBER
International Standard Book Number 1469839377
040 ## - CATALOGING SOURCE
Original cataloging agency EG-SCBUE
Language of cataloging eng
Transcribing agency EG-SCBUE
082 04 - DEWEY DECIMAL CLASSIFICATION NUMBER
Edition number 22
Classification number 615.1
Item number KAR
100 1# - MAIN ENTRY--PERSONAL NAME
9 (RLIN) 36452
Personal name Karch, Amy Morrison,
Dates associated with a name 1949-
245 10 - TITLE STATEMENT
Title Lippincott nursing drug guide /
Statement of responsibility, etc Amy M. Karch.
260 ## - PUBLICATION, DISTRIBUTION, ETC. (IMPRINT)
Place of publication, distribution, etc Philadelphia :
Name of publisher, distributor, etc Wolters Kluwer,
Date of publication, distribution, etc c.2015.
300 ## - PHYSICAL DESCRIPTION
Extent xvii, 1515 p. :
Other physical details photographs, tables ;
Dimensions 21 cm.
500 ## - GENERAL NOTE
General note Includes appendixes.
500 ## - GENERAL NOTE
General note Index : p. 1457-1515.
500 ## - GENERAL NOTE
General note Online tookit with NCLEX questions, drug updates, and more !
504 ## - BIBLIOGRAPHY, ETC. NOTE
Bibliography, etc Bibliography : p. 1456.
650 #7 - SUBJECT ADDED ENTRY--TOPICAL TERM
Topical term or geographic name as entry element Drugs
Form subdivision Handbooks, manuals, etc.
9 (RLIN) 32488
Source of heading or term BUEsh
651 ## - SUBJECT ADDED ENTRY--GEOGRAPHIC NAME
Source of heading or term BUEsh
653 ## - INDEX TERM--UNCONTROLLED
Resource For college Nursing
Arrived date list April2015
-- November2015
942 ## - ADDED ENTRY ELEMENTS (KOHA)
Source of classification or shelving scheme Dewey Decimal Classification
Call number prefix 615.1 KAR
Holdings
Withdrawn status Item status Source of classification or shelving scheme Damaged status Not for loan Vendor Home library Current library Shelving location Date acquired Source of acquisition Cost, normal purchase price Serial Enumeration / chronology Total Checkouts Full call number Barcode Date last seen Cost, replacement price Koha item type
    Dewey Decimal Classification     Baccah Central Library Central Library Ground Floor 08/04/2015   206.00 21925   615.1 KAR 000037954 15/07/2025 257.50 Reference (NB)
    Dewey Decimal Classification     Baccah Central Library Central Library Ground Floor 08/04/2015   206.00 21925   615.1 KAR 000037955 15/07/2025 257.50 Reference (NB)
    Dewey Decimal Classification     Baccah Central Library Central Library Ground Floor 18/08/2015 Purchase 306.00 21764   615.1 KAR 000030777 01/12/2025 383.00 Reference (NB)
    Dewey Decimal Classification     Baccah Central Library Central Library Ground Floor 18/08/2015 Purchase 306.00 21764   615.1 KAR 000030776 15/07/2025 383.00 Reference (NB)